000
00303nam a2200109Ia 4500
008
190907s9999||||xx |||||||||||||| ||und||
100
_a
Chrissis, Mary Beth
245
0
_a
CMMI:Guidelines for Process Integration and product Improvement
260
_a
Asia
_b
McGraw-Hill
_c
2003
300
_a
663
942
_c
BK
999
_c
6416
_d
6416